Crop protection:Ecofriendly approaches (Record no. 43123)

MARC details
000 -LEADER
fixed length control field 00476nam a2200181Ia 4500
020 ## - INTERNATIONAL STANDARD BOOK NUMBER
ISBN 1933699914
082 ## - DEWEY DECIMAL CLASSIFICATION NUMBER
Classification number NR:631.535
Item number COR
100 ## - MAIN ENTRY--AUTHOR NAME
Personal name CORPUZ, Onofre
245 #0 - TITLE STATEMENT
Title Crop protection:Ecofriendly approaches
260 ## - PUBLICATION, DISTRIBUTION, ETC. (IMPRINT)
Place of publication Studium press LLC
Name of publisher U S A
Year of publication 2012
650 ## - SUBJECT ADDED ENTRY--TOPICAL TERM
Topical Term Carbon Sequestration
650 ## - SUBJECT ADDED ENTRY--TOPICAL TERM
Topical Term Carbon Storage
650 ## - SUBJECT ADDED ENTRY--TOPICAL TERM
Topical Term Cotabato
650 ## - SUBJECT ADDED ENTRY--TOPICAL TERM
Topical Term Intercropping
650 ## - SUBJECT ADDED ENTRY--TOPICAL TERM
Topical Term Rubber Plantation
942 ## - ADDED ENTRY ELEMENTS (KOHA)
Koha item type Books
Holdings
Withdrawn status Lost status Damaged status Not for loan Home library Current library Date acquired Cost, normal purchase price Full call number Accession Number Koha item type
        RRII Library RRII Library 16/12/2021 85.00 NR:631.535 COR 23389 Books